[Event "Titled Tuesday intern op 12th Sep Late"]
[Site "Chess.com INT"]
[Date "2023.09.12"]
[Round "3"]
[White "Atanejhad, Sahebali"]
[Black "Schekachikhin, Maksim"]
[Result "1-0"]
[WhiteElo "2008"]
[BlackElo "2366"]
[PlyCount "95"]
[EventDate "2023.09.12"]
[EventType "swiss (blitz)"]
[EventRounds "11"]
[EventCountry "USA"]
[SourceTitle "EXT 2024"]
[Source "ChessBase"]
[SourceDate "2023.10.10"]
[SourceVersion "1"]
[SourceVersionDate "2023.10.10"]
[SourceQuality "1"]

1. d4 Nf6 2. c4 b6 3. Nc3 Bb7 4. e3 g6 5. Nf3 Bg7 6. Bd3 0-0 7. 0-0 d5 8. cxd5 Nxd5 9. e4 Nxc3 10. bxc3 c5 11. Be3 Nc6 12. d5 Ne5 13. Nxe5 Bxe5 14. Rc1 e6 15. c4 exd5 16. cxd5 Qf6 17. Bc4 Bb2 18. Rc2 Rfe8 19. f3 Rad8 20. Qd2 Be5 21. f4 Bd4 22. Bxd4 Qxd4+ 23. Qxd4 cxd4 24. Re2 Rc8 25. Bb5 Red8 26. Rd1 Rc5 27. Ba4 Ba6 28. Ree1 d3 29. Bb3 Kg7 30. Kf2 f6 31. Ke3 Re8 32. Rxd3 Bxd3 33. Kxd3 Rec8 34. e5 fxe5 35. fxe5 Rc1 36. Re2 Kf8 37. d6 R1c6 38. Kd4 b5 39. Rf2+ Kg7 40. Rf7+ Kh6 41. Rxa7 Rd8 42. Kd5 Rc1 43. d7 Re1 44. e6 Kg7 45. Kd6 Kf6 46. Rc7 Re3 47. Rc8 Rd3+ 48. Bd5 1-0

[Event "Titled Tuesday intern op 12th Sep Late"]
[Site "Chess.com INT"]
[Date "2023.09.12"]
[Round "1"]
[White "Huang, Youhe"]
[Black "Schekachikhin, Maksim"]
[Result "0-1"]
[WhiteElo "2083"]
[BlackElo "2366"]
[PlyCount "82"]
[EventDate "2023.09.12"]
[EventType "swiss (blitz)"]
[EventRounds "11"]
[EventCountry "USA"]
[SourceTitle "EXT 2024"]
[Source "ChessBase"]
[SourceDate "2023.10.10"]
[SourceVersion "1"]
[SourceVersionDate "2023.10.10"]
[SourceQuality "1"]

1. d4 Nf6 2. c4 b6 3. Nf3 Bb7 4. Nc3 g6 5. g3 Bg7 6. Bg2 0-0 7. 0-0 Ne4 8. Qc2 Nxc3 9. bxc3 e6 10. e4 d6 11. h4 c5 12. h5 Nc6 13. Bg5 Qc7 14. d5 exd5 15. cxd5 Ne5 16. Nxe5 Bxe5 17. f4 Bg7 18. h6 Bh8 19. f5 Rae8 20. f6 Re5 21. Qd2 Ba6 22. Rf2 Qd8 23. Qf4 Rfe8 24. Re1 Bd3 25. Re3 c4 26. Bf1 Bxf1 27. Rxf1 b5 28. g4 Qb6 29. Rf2 a5 30. Bh4 b4 31. g5 bxc3 32. Rxc3 Rxe4 33. Qg3 Qd4 34. Rcf3 Rg4 35. Kg2 Rxg3+ 36. Bxg3 c3 37. Bxd6 Rc8 38. Re2 c2 39. Rfe3 Qxe3 40. Rxe3 c1Q 41. Bc5 Qxc5 0-1

[Event "Titled Tuesday intern op 12th Sep Early"]
[Site "Chess.com INT"]
[Date "2023.09.12"]
[Round "2"]
[White "Schekachikhin, Maksim"]
[Black "Gokerkan, Cem Kaan"]
[Result "0-1"]
[WhiteElo "2366"]
[BlackElo "2513"]
[PlyCount "54"]
[EventDate "2023.09.12"]
[EventType "swiss (blitz)"]
[EventRounds "11"]
[EventCountry "USA"]
[SourceTitle "EXT 2024"]
[Source "ChessBase"]
[SourceDate "2023.10.10"]
[SourceVersion "1"]
[SourceVersionDate "2023.10.10"]
[SourceQuality "1"]

1. d4 Nf6 2. Nf3 d5 3. e3 e6 4. Bd3 Be7 5. 0-0 0-0 6. b3 c5 7. Bb2 cxd4 8. exd4 b6 9. Qe2 Bb7 10. Nbd2 Nc6 11. a3 Bd6 12. Ne5 Ne7 13. Rae1 Rc8 14. f4 Qc7 15. g4 Ne4 16. Bxe4 dxe4 17. c4 f5 18. Rc1 Ng6 19. gxf5 exf5 20. Qe3 Qe7 21. b4 Bxe5 22. dxe5 Rcd8 23. Bd4 Qh4 24. Nb3 a5 25. Kh1 a4 26. Na1 Rxd4 27. Qxd4 e3+ 0-1

[Event "Titled Tuesday intern op 12th Sep Late"]
[Site "Chess.com INT"]
[Date "2023.09.12"]
[Round "4"]
[White "Schekachikhin, Maksim"]
[Black "Luxama, Jacques Muller"]
[Result "1-0"]
[WhiteElo "2366"]
[BlackElo "1933"]
[PlyCount "73"]
[EventDate "2023.09.12"]
[EventType "swiss (blitz)"]
[EventRounds "11"]
[EventCountry "USA"]
[SourceTitle "EXT 2024"]
[Source "ChessBase"]
[SourceDate "2023.10.10"]
[SourceVersion "1"]
[SourceVersionDate "2023.10.10"]
[SourceQuality "1"]

1. d4 Nf6 2. Nf3 e6 3. e3 d5 4. Bd3 c5 5. b3 Nc6 6. 0-0 cxd4 7. exd4 Bd6 8. Bb2 0-0 9. a3 a5 10. Nbd2 Re8 11. Qe2 Ne7 12. Ne5 Ng6 13. f4 Bxe5 14. fxe5 Nd7 15. Rf3 Ndf8 16. Raf1 Re7 17. g3 Rc7 18. h4 b5 19. h5 Nh8 20. Qe3 h6 21. R1f2 Bd7 22. Nf1 Rac8 23. Bc1 Nh7 24. Rf4 Ng5 25. Rg4 Kf8 26. Kg2 b4 27. axb4 axb4 28. Qe1 Rb7 29. Bxg5 hxg5 30. Qd2 f6 31. exf6 gxf6 32. Qxg5 Nf7 33. Qg7+ Ke8 34. Rxf6 Qe7 35. Rxf7 Qxf7 36. Bg6 Qxg6 37. Qxg6+ 1-0

[Event "Titled Tuesday intern op 12th Sep Late"]
[Site "Chess.com INT"]
[Date "2023.09.12"]
[Round "6"]
[White "Vaglio Munoz, Jaime"]
[Black "Schekachikhin, Maksim"]
[Result "0-1"]
[WhiteElo "2174"]
[BlackElo "2366"]
[PlyCount "80"]
[EventDate "2023.09.12"]
[EventType "swiss (blitz)"]
[EventRounds "11"]
[EventCountry "USA"]
[SourceTitle "EXT 2024"]
[Source "ChessBase"]
[SourceDate "2023.10.10"]
[SourceVersion "1"]
[SourceVersionDate "2023.10.10"]
[SourceQuality "1"]

1. c4 e5 2. a3 g6 3. b4 Bg7 4. Bb2 a5 5. b5 c6 6. d4 d6 7. dxe5 Bxe5 8. Bxe5 dxe5 9. Qxd8+ Kxd8 10. Nf3 f6 11. Nc3 Be6 12. e3 Nd7 13. Ne4 Kc7 14. c5 cxb5 15. Bxb5 Bd5 16. 0-0-0 Bc6 17. a4 Ne7 18. Kb2 Rad8 19. Nd6 Nxc5 20. Nf7 Rxd1 21. Rxd1 Rf8 22. Rc1 Nxa4+ 23. Bxa4 Rxf7 24. Nd2 Rf8 25. e4 Rd8 26. Nb3 Kb6 27. Nc5 Rd2+ 28. Kc3 Rxf2 29. Kd3 Rxg2 30. Bd1 Rxh2 31. Ke3 Rh3+ 32. Kf2 f5 33. Ne6 Bxe4 34. Ng5 Rh2+ 35. Kg3 Rg2+ 36. Kh3 Rxg5 37. Ba4 f4 38. Rc3 Rg3+ 39. Rxg3 fxg3 40. Kxg3 Kc5 0-1

[Event "Istanbul Bagcilar op"]
[Site "Istanbul"]
[Date "2023.09.09"]
[Round "9"]
[White "Schekachikhin, Maksim"]
[Black "Shapovalovi, Vasiko"]
[Result "1-0"]
[WhiteElo "2366"]
[BlackElo "1862"]
[PlyCount "273"]
[EventDate "2023.09.03"]
[EventType "swiss"]
[EventRounds "9"]
[EventCountry "TUR"]
[SourceTitle "EXT 2024"]
[Source "ChessBase"]
[SourceDate "2023.10.10"]
[SourceVersion "1"]
[SourceVersionDate "2023.10.10"]
[SourceQuality "1"]

1. d4 Nf6 2. c4 e6 3. Nf3 b6 4. g3 Bb7 5. Bg2 Be7 6. 0-0 0-0 7. Re1 d5 8. cxd5 exd5 9. Nc3 c5 10. Bf4 Nbd7 11. Rc1 a6 12. dxc5 Nxc5 13. Be5 Nfe4 14. Bd4 Re8 15. e3 Rc8 16. Re2 Nxc3 17. Bxc3 Ne4 18. Bd4 Bc5 19. Rec2 h6 20. Qd3 Qe7 21. Nd2 Bxd4 22. Rxc8 Rxc8 23. Rxc8+ Bxc8 24. Qxd4 Nxd2 25. Qxd2 Be6 26. Bxd5 Bxd5 27. Qxd5 Qc7 28. b4 Qb8 29. a4 b5 30. a5 Qc8 31. Kg2 g6 32. h4 h5 33. Qe4 Kg7 34. Kf3 Kh7 35. Ke2 Qc3 36. Qd4 Qc2+ 37. Kf3 Qf5+ 38. Kg2 Qc8 39. e4 Kg8 40. Kf3 Qc6 41. Qc5 Qe6 42. Ke3 Kh7 43. Qd5 Qe7 44. e5 Qc7 45. Qc5 Qd7 46. Qb6 Qc8 47. Qc5 Qd7 48. Qd6 Qc8 49. Kd2 Kg8 50. Qf6 Qc4 51. Qd6 Qc8 52. Ke2 Qc2+ 53. Kf3 Qc3+ 54. Kg2 Qc8 55. Qf6 Qb7+ 56. Kh2 Kh7 57. e6 fxe6 58. Qxe6 Kg7 59. Qb6 Qc8 60. Qd4+ Kh7 61. Kg2 Qc6+ 62. Kf1 Qc8 63. Qa7+ Kh8 64. Qd4+ Kh7 65. Qe4 Qc1+ 66. Kg2 Qc8 67. g4 hxg4 68. Kg3 Qc7+ 69. Kxg4 Qc8+ 70. Kg3 Qc7+ 71. Kg2 Kg7 72. Qd4+ Kh7 73. Qf6 Qc8 74. Qe7+ Kh6 75. Qg5+ Kh7 76. h5 Qc6+ 77. Kg1 gxh5 78. Qxh5+ Kg7 79. Qg5+ Kf7 80. Qf4+ Ke7 81. Kh2 Qg6 82. Kh3 Qe6+ 83. Kg3 Kd8 84. Qd4+ Kc7 85. f4 Qg6+ 86. Kf3 Qc6+ 87. Ke3 Qc1+ 88. Ke4 Qh1+ 89. Kf5 Qh3+ 90. Kg6 Qg4+ 91. Kh6 Qh4+ 92. Kg7 Qe7+ 93. Kg6 Qe8+ 94. Kg5 Qg8+ 95. Kh6 Qe6+ 96. Kg7 Qe7+ 97. Kg6 Qe8+ 98. Kg5 Qg8+ 99. Kh4 Qh7+ 100. Kg3 Qg6+ 101. Kf2 Qc2+ 102. Ke1 Qc1+ 103. Ke2 Qc2+ 104. Qd2 Qe4+ 105. Kf2 Qc4 106. Ke1 Qe4+ 107. Kd1 Qe6 108. Qc2+ Kb8 109. f5 Qd5+ 110. Kc1 Qe5 111. Qd3 Qe1+ 112. Kc2 Qxb4 113. Qd8+ Kb7 114. Qb6+ Kc8 115. Qxa6+ Kb8 116. Qb6+ Ka8 117. Qd8+ Ka7 118. Qd7+ Ka6 119. Qc6+ Ka7 120. f6 Qxa5 121. Qd7+ Ka8 122. Qd5+ Kb8 123. f7 Qa4+ 124. Kd3 Qa3+ 125. Ke4 Qf8 126. Ke5 Kc7 127. Ke6 Qh6+ 128. Ke7 Qh4+ 129. Ke8 Qe1+ 130. Kf8 Qb4+ 131. Kg7 Qg4+ 132. Kf6 Qh4+ 133. Qg5 Qh8+ 134. Kg6 Kd7 135. Qxb5+ Ke7 136. Qc5+ Ke6 137. f8Q 1-0

[Event "Istanbul Bagcilar op"]
[Site "Istanbul"]
[Date "2023.09.08"]
[Round "8"]
[White "Portakalci, Yusuf"]
[Black "Schekachikhin, Maksim"]
[Result "1/2-1/2"]
[WhiteElo "1830"]
[BlackElo "2366"]
[PlyCount "80"]
[EventDate "2023.09.03"]
[EventType "swiss"]
[EventRounds "9"]
[EventCountry "TUR"]
[SourceTitle "EXT 2024"]
[Source "ChessBase"]
[SourceDate "2023.10.10"]
[SourceVersion "1"]
[SourceVersionDate "2023.10.10"]
[SourceQuality "1"]

1. d4 Nf6 2. Nf3 e6 3. Bf4 c5 4. c3 Nc6 5. e3 Nh5 6. Bg5 Qb6 7. Qb3 h6 8. Bh4 g5 9. Bg3 Nxg3 10. hxg3 Bg7 11. Bd3 d5 12. Nbd2 Bd7 13. Rd1 f5 14. Bb5 0-0-0 15. Bxc6 Bxc6 16. Qa3 Bf8 17. Qb3 Qa6 18. Qc2 Rg8 19. Ne5 Bg7 20. Nd3 cxd4 21. cxd4 Bf8 22. 0-0 Kb8 23. Nf3 Bb5 24. Qb1 Bd6 25. Rfe1 Bxd3 26. Rxd3 Rc8 27. Rdd1 Rc6 28. Rc1 Rgc8 29. a3 Qa4 30. Rxc6 Qxc6 31. Rd1 Qc2 32. Kf1 g4 33. Ne1 Qc6 34. Nd3 h5 35. Rc1 Qb5 36. Rxc8+ Kxc8 37. Qc2+ Kd7 38. Ke1 b6 39. Qc3 Qc4 40. Kd2 Qb5 1/2-1/2

[Event "Istanbul Bagcilar op"]
[Site "Istanbul"]
[Date "2023.09.08"]
[Round "7"]
[White "Schekachikhin, Maksim"]
[Black "Akbas, Kaan"]
[Result "1/2-1/2"]
[WhiteElo "2366"]
[BlackElo "1944"]
[PlyCount "75"]
[EventDate "2023.09.03"]
[EventType "swiss"]
[EventRounds "9"]
[EventCountry "TUR"]
[SourceTitle "EXT 2024"]
[Source "ChessBase"]
[SourceDate "2023.10.10"]
[SourceVersion "1"]
[SourceVersionDate "2023.10.10"]
[SourceQuality "1"]

1. d4 Nf6 2. c4 e6 3. Nf3 d5 4. Nc3 Be7 5. Bg5 Nbd7 6. e3 0-0 7. Qc2 b6 8. cxd5 exd5 9. Bd3 Bb7 10. 0-0 Ne4 11. Bxe7 Qxe7 12. Rac1 c5 13. dxc5 Ndxc5 14. Rfd1 Rac8 15. Nd4 Rfd8 16. Qe2 Qf6 17. Rc2 Re8 18. Bb5 Red8 19. Qf3 Qe5 20. Qf5 Qe7 21. Bf1 g6 22. Qf3 Rd6 23. Rdc1 a5 24. Qd1 Re8 25. Bb5 Red8 26. a3 Qg5 27. b4 axb4 28. axb4 Nxc3 29. Rxc3 Ne6 30. g3 Qe5 31. Bc6 Ba6 32. Bb5 Bxb5 33. Nxb5 d4 34. Nxd4 Nxd4 35. exd4 Rxd4 36. Qb3 R8d6 37. Re3 Qd5 38. Qc3 1/2-1/2

[Event "Istanbul Bagcilar op"]
[Site "Istanbul"]
[Date "2023.09.07"]
[Round "6"]
[White "Maruflu, Enes Yusuf"]
[Black "Schekachikhin, Maksim"]
[Result "1/2-1/2"]
[WhiteElo "2091"]
[BlackElo "2366"]
[PlyCount "104"]
[EventDate "2023.09.03"]
[EventType "swiss"]
[EventRounds "9"]
[EventCountry "TUR"]
[SourceTitle "EXT 2024"]
[Source "ChessBase"]
[SourceDate "2023.10.10"]
[SourceVersion "1"]
[SourceVersionDate "2023.10.10"]
[SourceQuality "1"]

1. d4 Nf6 2. Nf3 b6 3. c4 e6 4. a3 Bb7 5. Nc3 g6 6. Bg5 Bg7 7. e3 d6 8. d5 0-0 9. Be2 Qe7 10. 0-0 h6 11. Bxf6 Qxf6 12. Rc1 Nd7 13. Nd4 Qe7 14. Bg4 e5 15. Nc6 Bxc6 16. dxc6 Nf6 17. b4 e4 18. Bh3 Qe8 19. Nd5 Nxd5 20. Qxd5 a5 21. c5 bxc5 22. bxc5 Qe5 23. Qxe5 Bxe5 24. cxd6 Bxd6 25. a4 Rfb8 26. Rfd1 Kf8 27. Rxd6 cxd6 28. c7 Rc8 29. Bxc8 Rxc8 30. Rc6 Ke7 31. g3 Kd7 32. Ra6 Rxc7 33. Rxa5 h5 34. h4 Kc6 35. Ra6+ Kc5 36. a5 Rd7 37. Kg2 Kb5 38. Ra8 d5 39. Kf1 Rd6 40. Ra7 f6 41. Rg7 f5 42. Ra7 Ra6 43. Rb7+ Kc5 44. Rc7+ Kd6 45. Rg7 Ke5 46. Rb7 Ke6 47. Rb5 Kd6 48. Ke2 Kc6 49. Rb8 Kc5 50. Rc8+ Kb5 51. Rb8+ Kc5 52. Rc8+ Kb5 1/2-1/2

[Event "Istanbul Bagcilar op"]
[Site "Istanbul"]
[Date "2023.09.04"]
[Round "2"]
[White "Schekachikhin, Maksim"]
[Black "Tirpan, Ceren"]
[Result "0-1"]
[WhiteElo "2366"]
[BlackElo "1897"]
[PlyCount "80"]
[EventDate "2023.09.03"]
[EventType "swiss"]
[EventRounds "9"]
[EventCountry "TUR"]
[SourceTitle "EXT 2024"]
[Source "ChessBase"]
[SourceDate "2023.10.10"]
[SourceVersion "1"]
[SourceVersionDate "2023.10.10"]
[SourceQuality "1"]

1. c4 e5 2. Nf3 Nc6 3. Nc3 g6 4. e3 Bg7 5. d4 exd4 6. exd4 d6 7. Be2 Bg4 8. 0-0 Nge7 9. d5 Bxf3 10. Bxf3 Nd4 11. Be4 0-0 12. Bg5 Qd7 13. h3 Rae8 14. Qd2 Nef5 15. Rae1 h6 16. Be3 Rxe4 17. Nxe4 Nf3+ 18. gxf3 Nh4 19. Kh2 Nxf3+ 20. Kg2 Nxd2 21. Bxd2 Qa4 22. Bc3 Qxc4 23. Bxg7 Kxg7 24. Nc3 b5 25. Re4 Qc5 26. a3 a5 27. Kg1 b4 28. axb4 axb4 29. Na4 Qxd5 30. Rxb4 Re8 31. Nc3 Qf3 32. Rg4 Qxh3 33. Rg3 Qf5 34. Rd1 Qc2 35. Rgd3 Qxb2 36. Nd5 Re2 37. Rf1 Qb5 38. Rfd1 Qb2 39. Rf1 c6 40. Nf4 Re4 0-1

[Event "Titled Tuesday intern op 15th Aug Late"]
[Site "Chess.com INT"]
[Date "2023.08.15"]
[Round "8"]
[White "Cordova, Emilio"]
[Black "Schekachikhin, Maksim"]
[Result "0-1"]
[WhiteElo "2538"]
[BlackElo "2366"]
[PlyCount "130"]
[EventDate "2023.08.15"]
[EventType "swiss (blitz)"]
[EventRounds "11"]
[EventCountry "USA"]
[SourceTitle "EXT 2024"]
[Source "ChessBase"]
[SourceDate "2023.10.10"]
[SourceVersion "1"]
[SourceVersionDate "2023.10.10"]
[SourceQuality "1"]

1. d4 d5 2. Bg5 h6 3. Bh4 c6 4. c3 Bf5 5. Nd2 Nd7 6. Ngf3 Ngf6 7. e3 e6 8. Ne5 Be7 9. f4 Nxe5 10. fxe5 Ne4 11. Bxe7 Qxe7 12. Nf3 Ng5 13. Be2 Nxf3+ 14. gxf3 0-0-0 15. Bd3 Bxd3 16. Qxd3 f6 17. 0-0-0 g5 18. f4 f5 19. Kb1 Rhg8 20. a3 Kb8 21. Rhg1 g4 22. c4 dxc4 23. Qxc4 h5 24. Rd3 Qd7 25. Rb3 Qd5 26. Qb4 Rd7 27. Rc1 h4 28. Rbc3 g3 29. hxg3 hxg3 30. Rxc6 g2 31. R6c5 Qe4+ 32. Ka2 g1Q 33. Rxg1 Rxg1 34. Qc4 Rd8 35. Qxe6 Rgg8 36. Qe7 Rc8 37. Qd6+ Ka8 38. Qe6 Rce8 39. Qb3 a6 40. d5 Rc8 41. d6 Rgd8 42. Qc3 Rxc5 43. Qxc5 Qc6 44. Qd4 Qd7 45. Qd5 Re8 46. Qc5 Kb8 47. a4 Qe6+ 48. b3 Rc8 49. Qd4 Qg8 50. Ka3 Qg1 51. d7 Qc1+ 52. Kb4 a5+ 53. Kxa5 Qc5+ 54. Qxc5 Rxc5+ 55. Kb4 Rd5 56. e6 Kc7 57. Kc4 Rd6 58. e4 Rxe6 59. e5 Kxd7 60. b4 Rc6+ 61. Kb5 Rc1 62. Kb6 Kc8 63. b5 Rc4 64. e6 Rxf4 65. a5 Re4 0-1

[Event "Titled Tuesday intern op 15th Aug Late"]
[Site "Chess.com INT"]
[Date "2023.08.15"]
[Round "7"]
[White "Schekachikhin, Maksim"]
[Black "Remizov, Yaroslav"]
[Result "1-0"]
[WhiteElo "2366"]
[BlackElo "2440"]
[PlyCount "165"]
[EventDate "2023.08.15"]
[EventType "swiss (blitz)"]
[EventRounds "11"]
[EventCountry "USA"]
[SourceTitle "EXT 2024"]
[Source "ChessBase"]
[SourceDate "2023.10.10"]
[SourceVersion "1"]
[SourceVersionDate "2023.10.10"]
[SourceQuality "1"]

1. d4 Nf6 2. Nf3 d5 3. e3 Bf5 4. c4 c6 5. Bd3 Bxd3 6. Qxd3 e6 7. 0-0 Be7 8. Nc3 0-0 9. e4 dxe4 10. Nxe4 Nbd7 11. Rd1 Nxe4 12. Qxe4 Nf6 13. Qh4 a5 14. Bg5 a4 15. Rd2 Ra5 16. Rad1 h6 17. Bxf6 Bxf6 18. Qe4 Qb6 19. g3 Qb4 20. Ne5 Rd8 21. Ng4 Qxc4 22. Nxf6+ gxf6 23. Qf4 Kg7 24. Qc7 Rad5 25. Qxb7 c5 26. b3 axb3 27. axb3 Qc3 28. Rd3 Qc2 29. R1d2 Qc1+ 30. Rd1 Qg5 31. Qb6 R8d6 32. Qa7 Rd7 33. Qa1 e5 34. Qc3 cxd4 35. Qc4 Qf5 36. b4 Qe6 37. b5 Qb6 38. Rb3 e4 39. Qe2 Qe6 40. Rb4 f5 41. b6 d3 42. Qb2+ Kh7 43. b7 Rxb7 44. Rxb7 e3 45. fxe3 Qxe3+ 46. Qf2 Qe4 47. Rb2 Re5 48. Rbd2 Rd5 49. Re1 Qb4 50. Qe3 Kg6 51. Red1 Rd6 52. Rxd3 Re6 53. Qf2 Qg4 54. Qf3 Qg5 55. Rd6 Qe7 56. Rxe6+ fxe6 57. Qf4 Qc5+ 58. Qf2 Qc6 59. Qe3 Kf7 60. Re1 h5 61. Qa7+ Kg6 62. Qd4 Qa6 63. h4 Qc6 64. Qf4 Kf7 65. Qg5 Qc5+ 66. Qe3 Qc6 67. Kh2 Qc2+ 68. Re2 Qc6 69. Qf4 Qd5 70. Rf2 Qc5 71. Kg2 Qc6+ 72. Qf3 Qc5 73. Qxh5+ Ke7 74. Qg5+ Kf7 75. h5 Qd5+ 76. Kh2 Qc5 77. Re2 Qc3 78. Qg6+ Ke7 79. Qxe6+ Kf8 80. Qe8+ Kg7 81. Re7+ Kf6 82. Qf7+ Kg5 83. Qg6# 1-0